000 00537nam a2200169 i 4500
001 36781
003 ES-MaACL
005 20230906155436.0
007 t|
008 030219s1906 fr ||||1| fre d
100 1 _aBoutmy, Emile.
_931060
245 1 0 _aElements d'une psychologie politique du peuple americain
_b: la nation, la patrie, l'etat, la religion /
_cEmile Boutmy.
250 _a2ème ed.
260 _aParis :
_b[s.n.,
_c1906] (
_eCoulommiers :
_fP. Brodard)
300 _aXII, 366 p. ;
_c19 cm.
852 _aES-MaACL
_jF-10736
999 _c36781
_d36781